[Event "Michigan Open"]
[Site "East Lansing"]
[Date "1991.08.31"]
[Round "3"]
[White "Brady, Lindell"]
[Black "Tobias, Philip"]
[Result "1-0"]
[WhiteElo "1957"]
[BlackElo "1432"]
[PlyCount "97"]
[EventDate "1991.08.30"]

1. e4 e6 2. d4 d5 3. exd5 exd5 4. Bd3 Be6 5. Bf4 Nf6 6. Nf3 Bd6 7. Ne5 Nc6 8.
c3 Qe7 9. O-O g5 10. Nxc6 bxc6 11. Be5 Bxe5 12. dxe5 Ng4 13. Re1 f6 14. exf6
Nxf6 15. Qe2 Kd7 16. Nd2 Rhe8 17. Nf3 Bg4 18. Qxe7+ Rxe7 19. Rxe7+ Kxe7 20.
Re1+ Kd6 21. Nxg5 Rg8 22. Nxh7 Nxh7 23. Bxh7 Rg7 24. Bd3 Bf3 25. g3 c5 26. Re3
Bh5 27. Bf5 Bf7 28. h4 d4 29. cxd4 cxd4 30. Re4 Kd5 31. Kf1 Bg6 32. Rg4 Bxf5
33. Rxg7 d3 34. Ke1 c5 35. h5 c4 36. Kd2 Kd4 37. h6 Ke4 38. h7 Bxh7 39. Rxh7
Kf3 40. Rf7+ Kg2 41. g4 a5 42. g5 a4 43. g6 a3 44. bxa3 Kf1 45. g7 c3+ 46. Kxd3
c2 47. Kxc2 Ke2 48. g8=Q Kf1 49. Kd3 1-0

[Event "Michigan Open"]
[Site "East Lansing"]
[Date "1991.08.31"]
[Round "2"]
[White "Brady, Lindell"]
[Black "Skidmore, Jennifer"]
[Result "1-0"]
[WhiteElo "1957"]
[BlackElo "1828"]
[PlyCount "161"]
[EventDate "1991.08.30"]

1. e4 e5 2. Nf3 d6 3. Bc4 Be7 4. d4 exd4 5. Nxd4 Nf6 6. Nc3 Nbd7 7. Nf5 O-O 8.
O-O Nc5 9. Re1 Ncxe4 10. Nxe7+ Qxe7 11. Nxe4 Nxe4 12. f3 Bf5 13. fxe4 Bg6 14.
Bd2 c6 15. a4 d5 16. Bd3 dxe4 17. Bf1 Rad8 18. Qe2 f5 19. g3 Rd7 20. Rad1 Rfd8
21. Be3 b6 22. Rxd7 Qxd7 23. Bg5 Re8 24. Rd1 Qc7 25. Bf4 Qb7 26. Rd6 Bf7 27.
Qd2 Qe7 28. Rd7 Qe6 29. Rd8 h6 30. Rxe8+ Bxe8 31. b3 Kh7 32. Bc4 Qf6 33. h4 Bh5
34. Be2 Bf7 35. Kf2 Qb2 36. Be3 Qe5 37. Bd4 Qd6 38. Bc3 Qe7 39. Qd4 Bd5 40. Qe5
Qf8 41. h5 Qf7 42. Qf4 Qf8 43. g4 Qc5+ 44. Qe3 Qf8 45. gxf5 Qxf5+ 46. Ke1 Qe6
47. Qd4 Qe7 48. Kd1 Qg5 49. Bd2 Qf5 50. c4 Bf7 51. Bc3 Qg5 52. Qxe4+ Kg8 53.
Qg4 Qd8+ 54. Kc2 Qf8 55. Bd3 Be8 56. Bf5 Qe7 57. Be6+ Kh8 58. Bf5 Qc7 59. Bg6
Bd7 60. Qe2 Qf4 61. Qd2 Bf5+ 62. Kb2 Qxd2+ 63. Bxd2 Bxg6 64. hxg6 a6 65. b4 b5
66. axb5 axb5 67. cxb5 cxb5 68. Bf4 Kg8 69. Bd6 h5 70. Kc3 h4 71. Kd4 h3 72.
Kc5 h2 73. Bxh2 Kf8 74. Be5 Kg8 75. Kxb5 Kf8 76. Kc6 Kg8 77. b5 Kh8 78. b6 Kg8
79. b7 Kf8 80. Bd6+ Ke8 81. b8=Q# 1-0

[Event "Michigan Open"]
[Site "East Lansing"]
[Date "1991.08.31"]
[Round "2"]
[White "Braak, Dairen"]
[Black "Johnson, Kirk"]
[Result "0-1"]
[WhiteElo "1904"]
[BlackElo "1789"]
[PlyCount "105"]
[EventDate "1991.08.30"]

1. e4 e6 2. d4 a6 3. Nc3 b5 4. Bd3 Bb7 5. Nf3 c5 6. Be3 Qc7 7. Qd2 Nf6 8. dxc5
Bxc5 9. Bxc5 Qxc5 10. Qf4 Qb4 11. Rb1 Nd5 12. Qe5 Nxc3 13. Qxc3 Nc6 14. O-O O-O
15. a3 Qe7 16. Rfe1 b4 17. Qb3 a5 18. a4 Qc5 19. Rbd1 Rfd8 20. c3 Ba6 21. Bxa6
Rxa6 22. Re3 Rb6 23. Qc2 g6 24. Red3 bxc3 25. Rxc3 Qb4 26. Rc4 Qe7 27. Nd4 Nxd4
28. Rcxd4 Rdb8 29. Qc7 Rxb2 30. Qxa5 Qf6 31. R4d2 Rxd2 32. Qxd2 Rb2 33. Qe1 Ra2
34. e5 Qf4 35. a5 Qa4 36. g3 Qxa5 37. Qxa5 Rxa5 38. f4 Rd5 39. Rc1 d6 40. Rc8+
Kg7 41. exd6 Rxd6 42. Kg2 Rd2+ 43. Kg1 h5 44. Rc5 h4 45. Rc3 hxg3 46. hxg3 g5
47. fxg5 Rd5 48. Kf2 Rxg5 49. Kf3 Kf6 50. Rc7 Rd5 51. Ke3 Rf5 52. Ke4 Rf1 53.
g4 0-1

[Event "Michigan Open"]
[Site "East Lansing"]
[Date "1991.08.31"]
[Round "2"]
[White "Baze, Lineas"]
[Black "Brooks, John"]
[Result "0-1"]
[WhiteElo "2039"]
[BlackElo "2228"]
[PlyCount "89"]
[EventDate "1991.08.30"]

1. e4 c5 2. Nf3 Nf6 3. e5 Nd5 4. d4 cxd4 5. Qxd4 e6 6. Bc4 Nc6 7. Qe4 Nb6 8.
Bb3 d5 9. exd6 Bxd6 10. c3 Nd7 11. O-O Nf6 12. Qe2 h6 13. Rd1 Qe7 14. Nbd2 O-O
15. Nc4 Bc7 16. Nce5 Bd7 17. Bf4 Rac8 18. Bg3 Rfd8 19. Re1 Be8 20. h3 Qc5 21.
Kh1 b5 22. Rad1 Rxd1 23. Rxd1 Ne7 24. Nd4 Ned5 25. Nd3 Qb6 26. Bxc7 Qxc7 27.
Ne5 a5 28. Ng4 Rb8 29. Nxf6+ Nxf6 30. Bc2 Qf4 31. Re1 b4 32. g3 Qd6 33. Kh2
bxc3 34. bxc3 Rc8 35. Qd3 Qc5 36. Re3 e5 37. Nb3 Qc7 38. Qa6 a4 39. Nd2 Qd8 40.
Qe2 Rc5 41. Nf3 Bb5 42. Qe1 e4 43. Bxe4 Rh5 44. Nh4 Qc7 45. Kg2 0-1

[Event "Michigan Open"]
[Site "East Lansing"]
[Date "1991.08.31"]
[Round "1"]
[White "Basin, Leonid"]
[Black "Ghiata, Gheorghe"]
[Result "1-0"]
[WhiteElo "2440"]
[BlackElo "1923"]
[PlyCount "39"]
[EventDate "1991.08.30"]

1. e4 c5 2. Nf3 d6 3. d4 cxd4 4. Nxd4 Nf6 5. Nc3 a6 6. Be3 e6 7. f3 Be7 8. Qd2
Qc7 9. O-O-O O-O 10. g4 Rd8 11. g5 Ne8 12. h4 Nc6 13. h5 Nxd4 14. Bxd4 b5 15.
g6 Bf6 16. gxh7+ Kh8 17. Rg1 Bxd4 18. Qxd4 Qb6 19. e5 Qxd4 20. Rxd4 1-0

[Event "Michigan Open"]
[Site "East Lansing"]
[Date "1991.08.31"]
[Round "1"]
[White "Ball, Ed"]
[Black "Tsemekhman, Vadim"]
[Result "0-1"]
[WhiteElo "1924"]
[BlackElo "2450"]
[PlyCount "118"]
[EventDate "1991.08.30"]

1. e4 e6 2. d4 d5 3. exd5 exd5 4. c4 Nf6 5. Nc3 Be7 6. Nf3 O-O 7. Qb3 Re8 8.
Be2 c6 9. O-O Ne4 10. cxd5 Nxc3 11. bxc3 cxd5 12. Bb5 Rf8 13. Bf4 a6 14. Bd3
Nc6 15. Rfe1 Bf6 16. Rab1 Ne7 17. Be5 Bxe5 18. Nxe5 f6 19. Nf3 g6 20. c4 Kg7
21. Qb6 Qd7 22. Qc5 Rf7 23. cxd5 b5 24. a4 Bb7 25. axb5 Bxd5 26. Be4 Rc8 27.
Qb6 Bxe4 28. Rxe4 Nd5 29. Qxa6 Nc3 30. Ree1 Nxb1 31. Rxb1 Qb7 32. h3 Qxa6 33.
bxa6 Ra8 34. Ra1 Rfa7 35. g4 Rxa6 36. Rxa6 Rxa6 37. Kg2 Kf7 38. Ng1 Ra2 39. Kf1
Ke6 40. Ne2 Ra1+ 41. Kg2 Kd5 42. f3 Ra2 43. Kf2 Kc4 44. Ke3 Ra3+ 45. Ke4 Ra8
46. f4 Re8+ 47. Kf3 Kd3 48. Nc1+ Kxd4 49. Nb3+ Kc4 50. Na5+ Kb4 51. Nb7 Kc3 52.
Nd6 Re6 53. Nb5+ Kd3 54. Nc7 Re3+ 55. Kg2 Kd4 56. h4 f5 57. g5 Kc4 58. h5 Re7
59. Na6 Rb7 0-1

[Event "Michigan Open"]
[Site "East Lansing"]
[Date "1991.08.31"]
[Round "3"]
[White "Bailey, Greg"]
[Black "Thompson, Dexter"]
[Result "0-1"]
[WhiteElo "2106"]
[BlackElo "2259"]
[PlyCount "40"]
[EventDate "1991.08.30"]

1. Nf3 d5 2. d4 Nf6 3. c4 c6 4. Nc3 dxc4 5. e4 b5 6. a4 b4 7. e5 bxc3 8. exf6
cxb2 9. fxg7 Bxg7 10. Bxb2 Ba6 11. Ne5 c5 12. Qf3 O-O 13. d5 Qb6 14. Bc3 Qb3
15. Be2 Nd7 16. Nxd7 Qxc3+ 17. Qxc3 Bxc3+ 18. Kd1 Bxa1 19. Nxf8 Kxf8 20. Kc2
Bd4 0-1

[Event "Michigan Open"]
[Site "East Lansing"]
[Date "1991.08.31"]
[Round "2"]
[White "Bagherabadi, Mohammed"]
[Black "Robbins, Fred"]
[Result "1-0"]
[WhiteElo "2130"]
[BlackElo "1873"]
[PlyCount "69"]
[EventDate "1991.08.30"]

1. d4 Nf6 2. Nc3 g6 3. e4 d6 4. Be2 Bg7 5. a4 O-O 6. g4 Nc6 7. g5 Ne8 8. Be3 e5
9. d5 Ne7 10. h4 f5 11. gxf6 Nxf6 12. h5 Bd7 13. Qd2 Qe8 14. Bh6 Qf7 15. Bxg7
Qxg7 16. O-O-O Ng4 17. hxg6 hxg6 18. Nh3 Nxf2 19. Nxf2 Rxf2 20. Rh4 Raf8 21.
Rdh1 R2f4 22. Rh6 a6 23. Qe3 c5 24. Qg3 Qf6 25. Rh7 Rf7 26. R7h6 Rg7 27. Rh8+
Kf7 28. Rb8 Bc8 29. Rh8 Rg8 30. Rxg8 Kxg8 31. Bg4 Qf8 32. Bxc8 Qh6 33. Bh3+ Kg7
34. Kb1 Rh4 35. Bg2 1-0

[Event "Michigan Open"]
[Site "East Lansing"]
[Date "1991.08.31"]
[Round "2"]
[White "Avery, Robert W"]
[Black "LaMar, Frank"]
[Result "1-0"]
[WhiteElo "2225"]
[BlackElo "2012"]
[PlyCount "93"]
[EventDate "1991.08.30"]

1. c4 Nf6 2. Nc3 g6 3. e4 d6 4. d4 Bg7 5. f3 O-O 6. Be3 e5 7. d5 c6 8. Qd2 cxd5
9. cxd5 Re8 10. g4 Nbd7 11. Nge2 Nb6 12. Ng3 Bxg4 13. fxg4 Nxg4 14. Bg5 f6 15.
h3 fxg5 16. hxg4 Rc8 17. O-O-O Na4 18. Kb1 Nxc3+ 19. bxc3 Rf8 20. Be2 Qb6+ 21.
Ka1 Rf2 22. Rb1 Qa5 23. Rxb7 Qxc3+ 24. Qxc3 Rxc3 25. Rf1 Rf4 26. Rb3 Rc2 27.
Bf3 h5 28. gxh5 g4 29. hxg6 gxf3 30. Rfxf3 Rg2 31. Rb8+ Bf8 32. Rxf4 exf4 33.
Nf5 f3 34. g7 Rxg7 35. Nh6+ Kh7 36. Rxf8 Rg1+ 37. Kb2 Rg2+ 38. Kb3 f2 39. Ng4
Rg3+ 40. Kc4 Rxg4 41. Rxf2 Rxe4+ 42. Kb5 a5 43. Kc6 a4 44. Rg2 Re3 45. Kxd6 a3
46. Kd7 Rd3 47. d6 1-0

[Event "Michigan Open"]
[Site "East Lansing"]
[Date "1991.08.31"]
[Round "3"]
[White "Arganian, David G"]
[Black "Basin, Leonid"]
[Result "0-1"]
[WhiteElo "2066"]
[BlackElo "2440"]
[PlyCount "100"]
[EventDate "1991.08.30"]

1. e4 c5 2. Nc3 e6 3. g3 d5 4. exd5 exd5 5. Bg2 Nf6 6. Nge2 d4 7. Ne4 Nxe4 8.
Bxe4 Bd6 9. Bg2 O-O 10. O-O Nd7 11. d3 Nf6 12. Bf4 Bg4 13. Bxd6 Qxd6 14. Qd2
Rab8 15. h3 Bd7 16. Qf4 Qb6 17. Rab1 Rbe8 18. Rfe1 Bc6 19. a3 Re6 20. Qd2 Bxg2
21. Kxg2 Nd5 22. c4 dxc3 23. Nxc3 Qc6 24. Nxd5 Qxd5+ 25. f3 Rd6 26. Qc3 Qxd3
27. Qxd3 Rxd3 28. Rbd1 Rb3 29. Re2 g6 30. h4 h5 31. Rd5 Rc8 32. Rd7 Rc6 33. f4
c4 34. Kh3 Rf6 35. Kg2 a5 36. Rd5 Rfb6 37. Rdd2 a4 38. Rc2 Rc6 39. Rc3 b5 40.
Kf3 Rd6 41. Rce3 Rdd3 42. Rxd3 Rxd3+ 43. Kg2 Kg7 44. Kh3 Kf6 45. Re5 Rb3 46.
Re2 c3 47. bxc3 Rxa3 48. Re5 Rb3 49. Rc5 a3 50. Rc8 Ke6 0-1

[Event "Michigan Open"]
[Site "East Lansing"]
[Date "1991.08.31"]
[Round "2"]
[White "Andrews, Steve"]
[Black "Arganian, David G"]
[Result "1/2-1/2"]
[WhiteElo "2272"]
[BlackElo "2066"]
[PlyCount "70"]
[EventDate "1991.08.30"]

1. d4 Nf6 2. Nf3 d5 3. g3 e6 4. Bg2 Be7 5. O-O O-O 6. c4 dxc4 7. Ne5 Nc6 8.
Bxc6 bxc6 9. Nxc6 Qe8 10. Nxe7+ Qxe7 11. Na3 e5 12. dxe5 Qxe5 13. Nxc4 Qh5 14.
h4 Qg4 15. Bf4 Qh3 16. f3 Bb7 17. e4 Nh5 18. Rf2 Nxf4 19. gxf4 Qxh4 20. f5 Ba6
21. Rh2 Qf4 22. Rc1 Rad8 23. Qf1 Rd4 24. b3 Rfd8 25. Re2 Bxc4 26. bxc4 Qg5+ 27.
Kh1 R8d6 28. Rce1 Rh6+ 29. Rh2 Rd2 30. Ree2 Rxh2+ 31. Rxh2 Rxh2+ 32. Kxh2 Qh4+
33. Kg2 Qg5+ 34. Kh2 Qh4+ 35. Kg2 Qg5+ 1/2-1/2

[Event "Michigan Open"]
[Site "East Lansing"]
[Date "1991.08.31"]
[Round "2"]
[White "Aliya, Daniel"]
[Black "Vandivier, Don"]
[Result "0-1"]
[WhiteElo "1843"]
[BlackElo "2062"]
[PlyCount "40"]
[EventDate "1991.08.30"]

1. b3 d5 2. Bb2 c5 3. e3 Nc6 4. Nf3 Nf6 5. Be2 Qc7 6. O-O e5 7. Nc3 a6 8. d4 e4
9. Ne1 cxd4 10. exd4 Bd6 11. g3 Bh3 12. Ng2 h5 13. Re1 Bxg2 14. Kxg2 h4 15. Qd2
O-O-O 16. Nd1 Qd7 17. Ne3 hxg3 18. fxg3 Qh3+ 19. Kg1 Qxh2+ 20. Kf1 Qh1+ 0-1

[Event "Michigan Open"]
[Site "East Lansing"]
[Date "1991.08.31"]
[Round "2"]
[White "Aldrich, Jeff"]
[Black "Malumphy, Joseph"]
[Result "1-0"]
[WhiteElo "1837"]
[BlackElo "1966"]
[PlyCount "99"]
[EventDate "1991.08.30"]

1. d4 Nf6 2. c4 e6 3. Nf3 d5 4. Nc3 dxc4 5. e3 Bb4 6. Qa4+ Nc6 7. Ne5 Bxc3+ 8.
bxc3 Bd7 9. Nxd7 Nxd7 10. Qxc4 Nb6 11. Qb3 O-O 12. Bd3 Qd5 13. e4 Qxb3 14. axb3
Rfd8 15. f4 a6 16. g4 f6 17. f5 e5 18. d5 Na7 19. c4 c5 20. g5 Kf7 21. Rf1 Nd7
22. Be2 Nc8 23. Be3 Nd6 24. Bf3 Rg8 25. h4 a5 26. Ra4 b6 27. Kd2 Ke7 28. Kd3 g6
29. Bg4 gxf5 30. Bxf5 Nxf5 31. Rxf5 Kd6 32. gxf6 Rg3 33. Ra1 Rf8 34. f7 Rg2 35.
Bh6 Rg3+ 36. Kc2 Rg2+ 37. Kc3 Rg3+ 38. Kb2 Rg2+ 39. Ka3 Ke7 40. Bxf8+ Kxf8 41.
Raf1 Rg4 42. Rg5 Rxg5 43. hxg5 Kg7 44. Ka4 Nf8 45. Kb5 Kg6 46. Kxb6 Kxg5 47.
Rg1+ Kf6 48. Rg8 Kxf7 49. Rxf8+ Kxf8 50. Kc7 1-0

[Event "Michigan Open"]
[Site "East Lansing"]
[Date "1991.09.01"]
[Round "4"]
[White "Zacks, Naum"]
[Black "Lang, Brad"]
[Result "0-1"]
[WhiteElo "1891"]
[BlackElo "1779"]
[PlyCount "90"]
[EventDate "1991.08.30"]

1. e4 e5 2. d4 exd4 3. Qxd4 Nc6 4. Qe3 d6 5. Nf3 Nf6 6. Bc4 h6 7. O-O Ne5 8.
Nxe5 dxe5 9. Qb3 Qd7 10. Nc3 Bd6 11. Nb5 O-O 12. Be3 Nxe4 13. Rad1 a6 14. Na7
Rb8 15. Nxc8 Qxc8 16. c3 Nf6 17. Be2 b6 18. Qa4 e4 19. h3 a5 20. c4 Qf5 21. Qc6
Qe5 22. g3 Qxb2 23. Rd2 Qe5 24. Qa4 Bb4 25. Rdd1 Rbd8 26. a3 Bc5 27. Bf4 Qe7
28. Qc6 Bd6 29. Rxd6 Rxd6 30. Qb5 Rd7 31. Qb2 Rfd8 32. Kg2 Qc5 33. Bxh6 gxh6
34. Qxf6 Qg5 35. Qc6 Qg6 36. Qb5 Rd2 37. c5 R2d5 38. Qb3 Rxc5 39. Rd1 Rxd1 40.
Qxd1 Qd6 41. Qa1 Rc2 42. Bd1 Rd2 43. Bb3 e3 44. Qc3 Rxf2+ 45. Kg1 Qxg3+ 0-1

[Event "Michigan Open"]
[Site "East Lansing"]
[Date "1991.09.01"]
[Round "5"]
[White "Yaure, Chris"]
[Black "Bagherabadi, Mohammed"]
[Result "0-1"]
[WhiteElo "1971"]
[BlackElo "2130"]
[PlyCount "154"]
[EventDate "1991.08.30"]

1. Nf3 c5 2. g3 d5 3. Bg2 Nc6 4. O-O e5 5. d3 Be7 6. Nbd2 g5 7. e4 g4 8. Ne1 d4
9. f4 h5 10. f5 Nf6 11. Rf2 Bd7 12. Nf1 Qb6 13. a3 O-O-O 14. Bd2 Rdg8 15. c3
Kb8 16. b4 dxc3 17. Bxc3 cxb4 18. axb4 h4 19. Nc2 Nh7 20. Nce3 Ng5 21. Nxg4 f6
22. Nge3 hxg3 23. hxg3 Nd4 24. Nd5 Qd8 25. Bxd4 exd4 26. Nxe7 Qxe7 27. Qd2 Nf7
28. Qa2 a6 29. Qd5 Ne5 30. Qxd4 Bb5 31. Ra3 Rd8 32. Qc5 Qg7 33. Qe3 Bxd3 34.
Rd2 Bb5 35. Rxd8+ Rxd8 36. Nd2 Qg4 37. Qe1 Nd3 38. Qe3 Nxb4 39. Qf3 Qg5 40. Nf1
Nd3 41. Ne3 Ne5 42. Qf4 Qg7 43. Bf1 Qf8 44. Rc3 Qb4 45. Rc2 Qb1 46. Kg2 Bc6 47.
Rxc6 bxc6 48. Nc4 Kb7 49. Nxe5 Qb2+ 50. Kf3 fxe5 51. Qg5 Qb3+ 52. Kg2 Qc2+ 53.
Kg1 Qc5+ 54. Kg2 Qd4 55. Kf3 Qd6 56. Qe3 a5 57. Qb3+ Kc7 58. Ba6 Qd1+ 59. Qxd1
Rxd1 60. f6 Kd8 61. Kg4 Rg1 62. Kf5 Rxg3 63. Kxe5 Rc3 64. Kd6 Ke8 65. e5 Kf7
66. Bb7 Rd3+ 67. Kxc6 a4 68. Ba6 Rd2 69. Bc4+ Kg6 70. Bd5 a3 71. f7 Kg7 72. e6
Rxd5 73. Kxd5 a2 74. Kd6 a1=Q 75. Ke7 Qa3+ 76. Ke8 Qf8+ 77. Kd7 Kf6 0-1

[Event "Michigan Open"]
[Site "East Lansing"]
[Date "1991.09.01"]
[Round "5"]
[White "Williams, Ron"]
[Black "Schoonmaker, John"]
[Result "1-0"]
[WhiteElo "1806"]
[BlackElo "1967"]
[PlyCount "95"]
[EventDate "1991.08.30"]

1. e4 c6 2. d4 d5 3. Nc3 dxe4 4. Nxe4 Nf6 5. Ng3 e5 6. Nf3 exd4 7. Qxd4 Qxd4 8.
Nxd4 Bc5 9. Nb3 Bb6 10. c4 O-O 11. Be2 Re8 12. O-O Be6 13. Bg5 Nbd7 14. Rac1 h6
15. Bf4 Nc5 16. Nd2 Rad8 17. b4 Nd3 18. Bxd3 Rxd3 19. h3 g5 20. Be3 Bxe3 21.
fxe3 Rxd2 22. Rxf6 Rxa2 23. Rf2 Rxf2 24. Kxf2 Rd8 25. Ke2 f5 26. Nf1 Kf7 27.
Nd2 Kf6 28. Nf3 a6 29. Rc3 g4 30. hxg4 fxg4 31. Nd4 Ke5 32. Nb3 h5 33. Nc5 Bc8
34. g3 Kf5 35. e4+ Kg5 36. Re3 b6 37. Na4 b5 38. cxb5 axb5 39. Nc5 h4 40. gxh4+
Kxh4 41. e5 Bf5 42. e6 Re8 43. e7 Kg5 44. Nb7 g3 45. Nd6 Bg4+ 46. Kf1 Bh3+ 47.
Kg1 Ra8 48. e8=Q 1-0

[Event "Michigan Open"]
[Site "East Lansing"]
[Date "1991.09.01"]
[Round "5"]
[White "White, Mitchell"]
[Black "Tsemekhman, Vadim"]
[Result "0-1"]
[WhiteElo "2069"]
[BlackElo "2450"]
[PlyCount "72"]
[EventDate "1991.08.30"]

1. c4 g6 2. d4 Bg7 3. Nc3 Nf6 4. g3 O-O 5. Bg2 d6 6. Nf3 Nbd7 7. O-O e5 8. e4
c6 9. h3 Qb6 10. Re1 exd4 11. Nxd4 Ne8 12. Nce2 Ne5 13. Qc2 Qb4 14. Bg5 f6 15.
Bd2 Qxc4 16. Qxc4+ Nxc4 17. Bc3 Ne5 18. f4 Nf7 19. Red1 Nc7 20. Rac1 Re8 21.
Kf2 Ne6 22. Nxe6 Bxe6 23. b3 f5 24. Bxg7 Kxg7 25. Nc3 fxe4 26. Nxe4 Bd5 27. Re1
Bxe4 28. Rxe4 Rxe4 29. Bxe4 Re8 30. Bd3 Nd8 31. Rc2 Re7 32. a3 Ne6 33. Re2 Kf6
34. Bc2 Rd7 35. Rd2 d5 36. b4 c5 0-1

[Event "Michigan Open"]
[Site "East Lansing"]
[Date "1991.09.01"]
[Round "5"]
[White "Ward, Tom"]
[Black "Ford, William"]
[Result "1-0"]
[WhiteElo "2105"]
[BlackElo "1878"]
[PlyCount "59"]
[EventDate "1991.08.30"]

1. e4 e5 2. Bc4 Bc5 3. Nc3 Nf6 4. d3 h6 5. Qf3 c6 6. Be3 Bxe3 7. fxe3 d6 8.
Nge2 Bg4 9. Qg3 Rg8 10. O-O b5 11. Bxf7+ Kxf7 12. Qxg4 Ke7 13. Qf3 Nbd7 14. Ng3
g6 15. d4 Qf8 16. Qe2 b4 17. Na4 Qc8 18. Rad1 Qb7 19. Qd2 Rad8 20. b3 h5 21.
Qf2 Rdf8 22. Qd2 Rd8 23. Qd3 h4 24. Nh1 c5 25. Nf2 g5 26. dxc5 Nxc5 27. Nxc5
dxc5 28. Qc4 Qc6 29. Rxd8 Rxd8 30. Nd3 1-0

[Event "Michigan Open"]
[Site "East Lansing"]
[Date "1991.09.01"]
[Round "4"]
[White "Vandivier, Don"]
[Black "Noren, Kevin"]
[Result "0-1"]
[WhiteElo "2062"]
[BlackElo "2270"]
[PlyCount "44"]
[EventDate "1991.08.30"]

1. e4 c5 2. Nf3 Nc6 3. d4 cxd4 4. Nxd4 Nf6 5. Nc3 d6 6. Be2 e5 7. Nb3 Be7 8.
O-O O-O 9. Be3 Be6 10. f4 a5 11. f5 Bc8 12. a4 Nb4 13. Rc1 b6 14. Bf3 Ba6 15.
Rf2 Rc8 16. Rd2 Rxc3 17. bxc3 Na2 18. Ra1 Nxc3 19. Qe1 Nfxe4 20. Bxe4 Nxe4 21.
Rdd1 Qc7 22. Nd2 Nc3 0-1

[Event "Michigan Open"]
[Site "East Lansing"]
[Date "1991.09.01"]
[Round "4"]
[White "Tsemekhman, Vadim"]
[Black "Norcross, John"]
[Result "1-0"]
[WhiteElo "2450"]
[BlackElo "2139"]
[PlyCount "59"]
[EventDate "1991.08.30"]

1. d4 Nf6 2. c4 g6 3. Nc3 Bg7 4. e4 d6 5. f4 O-O 6. Nf3 c5 7. d5 e6 8. Be2 exd5
9. exd5 Na6 10. O-O Nc7 11. a4 b6 12. Bd3 Bd7 13. f5 gxf5 14. Bg5 Re8 15. Qc2
h6 16. Bf4 Nh5 17. Bxd6 Bxa4 18. Rxa4 Qxd6 19. Nh4 Bd4+ 20. Kh1 Ng7 21. Raa1 b5
22. Bxf5 Bf6 23. Ne4 Rxe4 24. Qxe4 bxc4 25. Be6 fxe6 26. Rxf6 exd5 27. Qg6 Qd7
28. Nf5 Nce8 29. Nxh6+ Kh8 30. Rf8# 1-0

[Event "Michigan Open"]
[Site "East Lansing"]
[Date "1991.09.01"]
[Round "4"]
[White "Triplett, Thomas"]
[Black "Malumphy, Joseph"]
[Result "1-0"]
[WhiteElo "1800"]
[BlackElo "1966"]
[PlyCount "81"]
[EventDate "1991.08.30"]

1. e4 d6 2. d4 Nf6 3. Nc3 g6 4. f4 Bg7 5. Nf3 O-O 6. Bc4 c6 7. O-O b5 8. Bd3
Nbd7 9. h3 Qb6 10. Be3 e5 11. Qd2 exd4 12. Nxd4 Qc7 13. a3 a6 14. Rad1 Re8 15.
Rfe1 Bb7 16. Nf3 Rad8 17. Qf2 c5 18. e5 dxe5 19. Nxe5 Nxe5 20. fxe5 Nd7 21. Bg5
Bxe5 22. Bxd8 Rxd8 23. Qf1 Bd4+ 24. Kh1 Qg3 25. Ne4 Qh4 26. c3 Be5 27. Qf2 Qh6
28. Kg1 Bc7 29. Bb1 f5 30. Rxd7 Bxe4 31. Rxd8+ Bxd8 32. Bxe4 fxe4 33. Rxe4 Qf8
34. Qe3 Qd6 35. Qf4 Qxf4 36. Rxf4 Bg5 37. Rf1 Be3+ 38. Kh2 Kg7 39. Kg3 Bg5 40.
Kf3 Kf6 41. Kg4+ 1-0

[Event "Michigan Open"]
[Site "East Lansing"]
[Date "1991.09.01"]
[Round "5"]
[White "Triplett, Thomas"]
[Black "Lehotzky, Attila"]
[Result "1-0"]
[WhiteElo "1800"]
[BlackElo "2084"]
[PlyCount "117"]
[EventDate "1991.08.30"]

1. e4 d6 2. d4 Nf6 3. Nc3 g6 4. f4 Bg7 5. Nf3 O-O 6. Bd3 c5 7. dxc5 dxc5 8. O-O
Nc6 9. e5 Nd5 10. Nxd5 Qxd5 11. c3 Rd8 12. Bc2 Qxd1 13. Rxd1 Rxd1+ 14. Bxd1 b6
15. Be3 Bh6 16. Be2 Be6 17. b3 Rd8 18. Rd1 Rxd1+ 19. Bxd1 Bg4 20. Kf2 e6 21.
Bc2 Ne7 22. c4 Nc6 23. Nh4 Nb4 24. Bb1 Bd1 25. g3 Bf8 26. Ng2 Bc2 27. Bxc2 Nxc2
28. Ne1 Nb4 29. a3 Nc6 30. Nc2 Na5 31. Na1 a6 32. Bd2 Nc6 33. Nc2 g5 34. Kf3
gxf4 35. gxf4 Kg7 36. Bc3 Kg6 37. a4 Be7 38. Ne3 Nd4+ 39. Bxd4 cxd4 40. Nf1 f5
41. exf6 Kxf6 42. Ke4 Bd6 43. Nd2 Bb4 44. Nf3 d3 45. Kxd3 Kf5 46. Nd4+ Kxf4 47.
Nxe6+ Kg4 48. h3+ Kg3 49. Ke4 h5 50. Nf4 h4 51. Nd5 Bc5 52. b4 Bd6 53. Nxb6
Bxb4 54. Nd5 a5 55. Nxb4 axb4 56. a5 b3 57. Kd3 Kxh3 58. a6 Kg2 59. a7 1-0

[Event "Michigan Open"]
[Site "East Lansing"]
[Date "1991.09.01"]
[Round "4"]
[White "Tobias, Philip"]
[Black "Long, Randy"]
[Result "0-1"]
[WhiteElo "1432"]
[BlackElo "1840"]
[PlyCount "82"]
[EventDate "1991.08.30"]

1. e4 e5 2. Nc3 Nf6 3. g3 Nc6 4. Bg2 Bc5 5. Nge2 d6 6. O-O Bg4 7. d3 Nd4 8. Be3
Nxe2+ 9. Nxe2 Bxe3 10. fxe3 Qd7 11. Rf2 h5 12. Qd2 h4 13. gxh4 Rxh4 14. Ng3
O-O-O 15. Nf5 Bxf5 16. exf5 Rdh8 17. Raf1 Ng4 18. Re2 Nxh2 19. Rff2 Ng4 20. Qb4
c6 21. Rf3 Nh2 22. Qd2 Nxf3+ 23. Bxf3 Qxf5 24. Rf2 Qxf3 25. Rxf3 Rh1+ 26. Kg2
R8h2+ 27. Kg3 Rxd2 28. Rf2 Rxf2 29. Kxf2 Rh2+ 30. Ke1 Rxc2 31. b4 Rxa2 32. d4
exd4 33. exd4 g5 34. Kf1 g4 35. Kg1 g3 36. b5 cxb5 37. d5 Rc2 38. Kf1 b4 39.
Ke1 b3 40. Kd1 g2 41. Ke1 g1=Q# 0-1

[Event "Michigan Open"]
[Site "East Lansing"]
[Date "1991.09.01"]
[Round "5"]
[White "Thurman, John"]
[Black "Ghiata, Gheorghe"]
[Result "1/2-1/2"]
[WhiteElo "1844"]
[BlackElo "1923"]
[PlyCount "100"]
[EventDate "1991.08.30"]

1. d4 d5 2. c4 e6 3. Nc3 Nf6 4. Bg5 Be7 5. e3 Nbd7 6. Nf3 O-O 7. Rc1 c6 8. Bd3
dxc4 9. Bxc4 Nd5 10. Bxe7 Qxe7 11. Ne4 N5f6 12. Ng3 e5 13. dxe5 Nxe5 14. Nxe5
Qxe5 15. Qb3 h5 16. Ne2 b5 17. Bd3 Be6 18. Qc2 Bd5 19. Nf4 Bxa2 20. b3 g5 21.
Ne2 Qd5 22. Bxb5 cxb5 23. Qxa2 h4 24. O-O h3 25. gxh3 Qf3 26. Ng3 g4 27. hxg4
Qxg4 28. Qa6 Qg5 29. f4 Qh4 30. Qxb5 Ng4 31. Qg5+ Qxg5 32. fxg5 Nxe3 33. Rf3
Nd5 34. Rcf1 Rab8 35. Nf5 Rb7 36. h4 Kh7 37. Nd6 Rb4 38. Rxf7+ Rxf7 39. Rxf7+
Kg6 40. Rxa7 Rxh4 41. Ra4 Rxa4 42. bxa4 Kxg5 43. Kf2 Kf4 44. Nb5 Nb6 45. a5 Na8
46. Ke2 Ke4 47. Kd2 Kd5 48. Kc3 Kc5 49. Na7 Nb6 50. Kb3 Nc8 1/2-1/2

[Event "Michigan Open"]
[Site "East Lansing"]
[Date "1991.09.01"]
[Round "4"]
[White "Thompson, Dexter"]
[Black "White, Mitchell"]
[Result "0-1"]
[WhiteElo "2259"]
[BlackElo "2069"]
[PlyCount "106"]
[EventDate "1991.08.30"]

1. e4 c5 2. c3 e5 3. d4 exd4 4. Nf3 Nc6 5. Bc4 Nf6 6. e5 d5 7. Bb5 Ne4 8. O-O
dxc3 9. Nxc3 Nxc3 10. bxc3 Be7 11. Qa4 Qc7 12. Bg5 Bxg5 13. Nxg5 h6 14. Nf3 O-O
15. Bxc6 Qxc6 16. Qxc6 bxc6 17. Nd2 Bd7 18. Nb3 c4 19. Nc5 Bf5 20. Na6 Rac8 21.
Nc5 Rb8 22. f3 Rb5 23. Na6 Rd8 24. Nb4 Rb6 25. g4 Bg6 26. Rf2 c5 27. Nc2 d4 28.
Na3 Bd3 29. Rc1 Ra6 30. Nb5 Rb8 31. Nc7 Ra3 32. cxd4 cxd4 33. Nd5 c3 34. Ne7+
Kf8 35. Nc6 Rb1 36. Rxb1 Bxb1 37. Nxd4 Rxa2 38. Rxa2 Bxa2 39. Kf2 Bc4 40. Ke3
a5 41. Nc2 Bb3 42. Na3 Ke7 43. f4 Bd1 44. Nb5 c2 45. Kd2 f6 46. Nd4 fxe5 47.
fxe5 a4 48. h3 a3 49. Nb3 Ke6 50. Nc1 Kxe5 51. Ke3 g5 52. Na2 Kd5 53. Kd3 Ke5
0-1

[Event "Michigan Open"]
[Site "East Lansing"]
[Date "1991.09.01"]
[Round "4"]
[White "Thomas, Henry"]
[Black "Conley, Steve"]
[Result "0-1"]
[WhiteElo "1775"]
[BlackElo "1992"]
[PlyCount "40"]
[EventDate "1991.08.30"]

1. e4 Nf6 2. e5 Nd5 3. c4 Nb6 4. d4 d6 5. f4 dxe5 6. fxe5 Nc6 7. Nf3 Bf5 8. Bd3
Bxd3 9. Qxd3 e6 10. O-O Be7 11. Nc3 O-O 12. Be3 Nd7 13. a3 Ndxe5 14. Nxe5 Nxe5
15. Qe4 Nxc4 16. Bf4 Nd6 17. Qf3 c6 18. Rad1 Nf5 19. Qe4 Bg5 20. Be5 Ne3 0-1